| 000 | 00000nam 2200000zi 4500 |
| 001 | 9.930523 |
| 003 | CaOODSP |
| 005 | 20241203113656 |
| 006 | m o d f |
| 007 | cr |n||||||||| |
| 008 | 231117t19961996onca o f000 0 eng d |
| 040 | |aCaOODSP|beng|erda|cCaOODSP |
| 043 | |an-cn--- |
| 086 | 1 |aEn4-612/1996E-PDF |
| 245 | 00|aCanada's transportation challenge : |bdown to earth choices on the drive toward a healthy environment. |
| 264 | 1|a[Ottawa] : |bEnvironment Canada, EcoAction 2000, |c[1996] |
| 264 | 4|c©1996 |
| 300 | |a1 online resource (3 unnumbered pages) : |billustrations |
| 336 | |atext|btxt|2rdacontent |
| 337 | |acomputer|bc|2rdamedia |
| 338 | |aonline resource|bcr|2rdacarrier |
| 500 | |aDigitized edition from print [produced by Environment and Climate Change Canada]. |
| 500 | |aIssued also in French under title: Le défi du transport au Canada : des choix sensés pour assainir l'environnement. |
| 650 | 0|aTransportation|xEnvironmental aspects|zCanada. |
| 650 | 0|aTransportation and state|zCanada. |
| 710 | 1 |aCanada. |bEnvironment Canada, |eissuing body. |
| 775 | 08|tLe défi du transport au Canada : |w(CaOODSP)9.939797 |
| 856 | 40|qPDF|s8.74 MB|uhttps://publications.gc.ca/collections/collection_2024/eccc/en4/En4-612-1996-eng.pdf |